| 000 | 00752nam a2200229Ia 4500 | ||
|---|---|---|---|
| 001 | 14714 | ||
| 003 | GE_BSU | ||
| 008 | 181216s||||||||xx |||||||||||||| ||und|| | ||
| 040 | _cGE_BSU | ||
| 080 | _a66.071.7(075.8) | ||
| 100 | _aСерпионова,Е.Н. | ||
| 245 | _aПромышленная адсорбция газов и паров. | ||
| 245 | _bУчебное пособие. | ||
| 245 | _cРед. Н.Д.Стуковнин. | ||
| 250 | _aИзд. 2-е, перераб. и доп. | ||
| 260 | _aМ. | ||
| 260 | _bВысш. школа. | ||
| 260 | _c1969. | ||
| 300 | _a416 стр. с илл. 21 см. Библиогр.: стр.401-410. | ||
| 653 | _aПромышленная адсорбция газов и паров. | ||
| 942 | _cBK | ||
| 999 |
_c47840 _d47840 |
||